[Event "11th LCC Super Blitz KO 2019"]
[Site "London"]
[Date "2019.12.08"]
[Round "1.1"]
[White "Pert, Nicholas"]
[Black "Beinoras, Mindaugas"]
[Result "0-1"]
[WhiteElo "2560"]
[BlackElo "2350"]
[Annotator "ChessBase"]
[PlyCount "124"]
[EventDate "2019.12.08"]
[EventType "k.o."]
[EventCountry "ENG"]
[SourceTitle "playchess.com"]
[Source "ChessBase"]
[SourceQuality "1"]
[TimeControl "180+2"]

1. d4 {[%emt 0:00:00]} d5 {[%emt 0:00:00]} 2. c4 {[%emt 0:00:00]} dxc4 {[%emt 0:00:01]} 3. e3 {[%emt 0:00:01]} Be6 {[%emt 0:00:01]} 4. Ne2 {[%emt 0:00:02]} Nf6 {[%emt 0:00:11]} 5. Nf4 {[%emt 0:00:05]} Bf5 {[%emt 0:00:11]} 6. Bxc4 {[%emt 0:00:04]} e6 {[%emt 0:00:01]} 7. Nc3 {[%emt 0:00:03]} Nbd7 {[%emt 0:00:04]} 8. Qe2 {[%emt 0:00:14]} a6 {[%emt 0:00:09]} 9. e4 {[%emt 0:00:03]} Bg6 {[%emt 0:00:05]} 10. e5 {[%emt 0:00:03]} Ng8 {[%emt 0:00:06]} 11. d5 {[%emt 0:00:12]} Nb6 {[%emt 0:00:31]} 12. dxe6 {[%emt 0:00:08]} Nxc4 {[%emt 0:00:17]} 13. Qxc4 {[%emt 0:00:02]} c6 {[%emt 0:00:06]} 14. O-O {[%emt 0:00:40]} Qe7 {[%emt 0:00:20]} 15. exf7+ {[%emt 0:00:06]} Qxf7 {[%emt 0:00:08]} 16. e6 {[%emt 0:00:04]} Qf5 {[%emt 0:00:00]} 17. Be3 {[%emt 0:00:10]} Bd6 {[%emt 0:00:05]} 18. Rad1 {[%emt 0:00:03]} O-O-O {[%emt 0:00:22]} 19. Bb6 {[%emt 0:00:15]} Bc7 {[%emt 0:00:21]} 20. Rxd8+ {[%emt 0:00:04]} Bxd8 {[%emt 0:00:01]} 21. Bxd8 {[%emt 0:00:05]} Kxd8 {[%emt 0:00:02]} 22. Qd4+ {[%emt 0:00:04]} Kc8 {[%emt 0:00:07]} 23. Qxg7 {[%emt 0:00:10]} Qf6 {[%emt 0:00:01]} 24. Qd7+ {[%emt 0:00:02]} Kb8 {[%emt 0:00:00]} 25. Qd6+ {[%emt 0:00:07]} Ka8 {[%emt 0:00:06]} 26. Rd1 {[%emt 0:00:04]} Ne7 {[%emt 0:00:02]} 27. Nxg6 {[%emt 0:00:09]} Nxg6 {[%emt 0:00:03]} 28. h3 {[%emt 0:00:11]} Re8 {[%emt 0:00:02]} 29. Re1 {[%emt 0:00:04]} Qg5 {[%emt 0:00:04]} 30. Ne4 {[%emt 0:00:10]} Qf5 {[%emt 0:00:18]} 31. Nc5 {[%emt 0:00:04]} Nf4 {[%emt 0:00:05]} 32. Re3 {[%emt 0:00:18]} Rg8 {[%emt 0:00:03]} 33. Rg3 {[%emt 0:00:02]} Ne2+ {[%emt 0:00:02]} 34. Kh2 {[%emt 0:00:01]} Nxg3 {[%emt 0:00:02]} 35. fxg3 {[%emt 0:00:01]} Qg5 {[%emt 0:00:06]} 36. Qc7 {[%emt 0:00:03]} Qxc5 {[%emt 0:00:02]} 37. e7 {[%emt 0:00:01]} Qd5 {[%emt 0:00:03]} 38. Qf4 {[%emt 0:00:03]} Re8 {[%emt 0:00:01]} 39. Qh6 {[%emt 0:00:03]} Qd7 {[%emt 0:00:01]} 40. Qxh7 {[%emt 0:00:01]} Qxe7 {[%emt 0:00:01]} 41. Qg6 {[%emt 0:00:01]} Qe6 {[%emt 0:00:00]} 42. Qg5 {[%emt 0:00:01]} Qe5 {[%emt 0:00:01]} 43. Qd2 {[%emt 0:00:01]} c5 {[%emt 0:00:00]} 44. h4 {[%emt 0:00:01]} Rg8 {[%emt 0:00:01]} 45. Qd3 {[%emt 0:00:02]} Rg4 {[%emt 0:00:05]} 46. Kh3 {[%emt 0:00:03]} Qe6 {[%emt 0:00:02]} 47. Kh2 {[%emt 0:00:01]} c4 {[%emt 0:00:02]} 48. Qf3 {[%emt 0:00:01]} Re4 {[%emt 0:00:06]} 49. h5 {[%emt 0:00:05]} Rg4 {[%emt 0:00:06]} 50. Qf8+ {[%emt 0:00:02]} Ka7 {[%emt 0:00:02]} 51. Qc5+ Kb8 52. Qf8+ {[%emt 0:00:02]} Kc7 {[%emt 0:00:01]} 53. Qc5+ {[%emt 0:00:00]} Kd7 {[%emt 0:00:00]} 54. Qb4 {[%emt 0:00:04]} Qd5 {[%emt 0:00:02]} 55. h6 {[%emt 0:00:09]} Re4 {[%emt 0:00:02]} 56. Qc3 {[%emt 0:00:12]} Qh5+ {[%emt 0:00:04]} 57. Kg1 {[%emt 0:00:01]} Qxh6 {[%emt 0:00:01]} 58. Qb4 {[%emt 0:00:03]} Qe3+ {[%emt 0:00:03]} 59. Kh2 {[%emt 0:00:01]} Qh6+ {[%emt 0:00:01]} 60. Kg1 {[%emt 0:00:01]} Qc6 {[%emt 0:00:01]} 61. Qd2+ {[%emt 0:00:01]} Kc7 {[%emt 0:00:01]} 62. Qf2 {[%emt 0:00:01]} Qb6 {[%emt 0:00:02]} 0-1

[Event "11th LCC Super Blitz KO 2019"]
[Site "London"]
[Date "2019.12.08"]
[Round "1.2"]
[White "Adams, Michael"]
[Black "Aravindh, Chithambaram VR."]
[Result "1-0"]
[WhiteElo "2701"]
[BlackElo "2605"]
[Annotator "TA"]
[PlyCount "132"]
[EventDate "2019.12.08"]
[EventType "k.o."]
[EventCountry "ENG"]
[SourceTitle "playchess.com"]
[Source "ChessBase"]
[SourceQuality "1"]

{[%evp 12,132,46,45,113,108,122,122,122,108,118,115,141,140,129,127,137,136,145,157,156,144,139,120,157,123,188,220,198,154,166,162,169,162,241,235,243,166,157,124,124,128,140,89,148,138,193,140,138,145,147,32,379,399,495,495,472,469,457,251,251,187,259,272,269,268,206,166,173,170,216,223,289,289,756,756,746,685,629,543,462,237,210,0,360,0,0,0,12833,12832,12834,12835,12834,12834,12838,12838,12838,12836,5716,20,12841,12842,12844,12844,12845,12845,12845,12846,12846,12847,12847,12847,12848,12848,12849,12849,12850,12850,12850,27999,12851,27999,12851]} 1. e4 c5 2. Nf3 d6 3. Bb5+ Bd7 4. Bxd7+ Nxd7 5. O-O g6 6. c3 Bg7 7. d4 Ngf6 {B52: Sicilian: Moscow Variation with 3...Bd7} (7... Rc8 $14) (7... Qc7 8. Re1 Rc8 9. Bf4 Qb6 10. Qe2 Ngf6 11. e5 dxe5 12. dxe5 Nd5 13. Bg3 e6 14. Na3 O-O 15. Rad1 Rfd8 {1-0 (77) Bartel,M (2609)-Suliborski,J (2122) Zgierz 2018}) 8. e5 $16 dxe5 9. dxe5 Ng4 {[#]White is better.} 10. e6 $1 {[%cal Re6f7][%mdl 512]} fxe6 11. Ng5 Ndf6 12. Qxd8+ Rxd8 13. Nxe6 Rd7 $146 ({Predecessor:} 13... Rc8 14. Nxg7+ {1-0 (60) Straub,P (2128)-Pla Ferreres,I (2046) Benidorm 2003}) 14. Nxc5 Rd5 15. Ne6 $1 {[%cal Re6c7] Nc7+ is the strong threat.} (15. Nxb7 Rb5 $17) 15... Kf7 16. Ng5+ Ke8 17. Na3 Bh6 18. Nf3 Kf7 (18... Bxc1 $16 19. Raxc1 (19. Rfxc1 Ne5 $16) 19... Ne5) 19. Bxh6 $18 Nxh6 20. Nc4 Rhd8 21. Rfe1 Nf5 22. h3 h6 (22... Kf8 $142 23. Nce5 Nd7 24. Nxd7+ R8xd7) 23. g4 Nd6 24. Ne3 Rb5 25. b3 Nde4 26. c4 $36 {[%mdl 2048] Black is under strong pressure.} Ra5 27. a4 (27. Nd5 $142) 27... Ra6 (27... Nd2 $142 28. Nxd2 Rxd2) 28. b4 Rad6 (28... Rb6 $16 {is a better defense.}) 29. a5 (29. c5 $18 Re6 30. Nc4) 29... Ng5 $16 30. Nxg5+ hxg5 31. Rad1 ({Better is} 31. c5 $16 Rd4 32. b5) 31... Ne4 $2 {[%mdl 8192]} ({Black should play} 31... Rxd1 $14 32. Nxd1 (32. Rxd1 Rxd1+ 33. Nxd1 Ke6 $14) 32... Rd2) 32. Nd5 $18 e6 33. Rxe4 exd5 {[%mdl 4096] Endgame KRR-KRR} 34. Red4 Ke6 35. c5 (35. Rxd5 $142 Rxd5 36. cxd5+ (36. Rxd5 Rxd5 37. cxd5+ Kxd5 $16) 36... Rxd5 37. Rb1) 35... Rc6 36. Kg2 b6 (36... Ke5 $142 37. R4d2 Re6 38. Re2+ Kf6 39. Rxe6+ Kxe6) 37. Re1+ Kf6 38. cxb6 axb6 39. Ra1 bxa5 40. bxa5 ({Don't play} 40. Rxa5 $6 Ke5 $16) 40... Ke5 41. Rb4 Ra6 42. Rb6 Rda8 $2 (42... Rxb6 43. axb6 Rd7) 43. Rxa6 Rxa6 {KR-KR} 44. Kf3 Kd4 45. Ke2 Kc3 46. Rc1+ (46. Kd1 $142 Kd3 47. Ra3+ Kd4 48. Kd2) 46... Kd4 47. Ra1 (47. Rd1+ $142 $1 Kc4 48. Ke3 Re6+ 49. Kd2) 47... Kc3 $1 48. f4 $2 (48. Kd1 $18 Kd3 49. Ra3+ Kc4 50. Kd2) 48... gxf4 $11 49. h4 d4 $2 {[%mdl 8192] [#]} (49... Kc2 $11) 50. Rc1+ $1 $18 Kb2 51. Rc4 Rd6 52. Kd3 f3 53. Rc2+ Kb3 54. Rf2 Kb4 55. a6 $2 (55. Rxf3 $18 {Hoping for g5.} Kxa5 56. g5) 55... Rxa6 $2 {[%mdl 8192]} (55... Kc5 $11) 56. Kxd4 Rf6 57. Ke5 Rf8 58. Ke4 Kc5 59. Rxf3 Re8+ 60. Kf4 Rf8+ {[#]} 61. Kg3 $1 Rg8 62. Rf6 Kd5 63. Kf4 Rg7 64. Kg5 Ke5 65. Rxg6 Ra7 66. h5 Kd5 {Accuracy: White = 60%, Black = 26%.} 1-0

[Event "11th LCC Super Blitz KO 2019"]
[Site "London"]
[Date "2019.12.08"]
[Round "1.2"]
[White "Jones, Gawain C B"]
[Black "Gordon, Stephen J"]
[Result "0-1"]
[WhiteElo "2683"]
[BlackElo "2495"]
[Annotator "TA"]
[PlyCount "124"]
[EventDate "2019.12.08"]
[EventType "k.o."]
[EventCountry "ENG"]
[SourceTitle "playchess.com"]
[Source "ChessBase"]
[SourceQuality "1"]

{[%evp 9,186,27,24,0,31,36,75,68,67,56,97,33,81,90,161,158,161,162,168,127,384,390,396,408,412,404,343,272,274,191,143,73,169,32,60,0,0,0,51,42,50,34,35,0,72,0,20,41,61,10,10,10,17,5,2,-21,0,0,64,57,146,132,129,139,134,97,110,102,108,0,0,-307,-290,-549,-535,-525,-525,-581,-481,-791,-752,-900,-880,-901,-885,-842,-835,-1032,-1034,-847,-835,-799,-728,-670,-618,-629,-368,-2782,-1143,-2818,-2502,-5795,-5630,-2562,-1436,-5077,-1750,-29962,-1344,-29974,-29975,-29976,-29977,-29976,-29976,-29976,-29976,-29973,-29974,-29978,-29978,-29981,-29982,-29985,-29986,-29986,-29986,-29986,-29979,-29978,-29980,-29980,-29981,-29983,-29978,-29978,-29978,-29980,-29980,-29982,-29983,-29984,-29985,-29985,-29986,-29986,-29987,-29987,-29984,-29984,-29978,-29987,0,-29978,-29978,-29977,0,-29976,0,0,0,-29981,0,-29987,-29980,-29980,-29981,-29981,-29982,-29982,-29983,-29983,-29984,-29984,-29985,-29985,-29986,-29991,-29984]} 1. e4 c5 2. Nf3 e6 3. g3 b6 $146 (3... d5 4. exd5 exd5 5. d4 Nf6 6. Bg2 Be7 7. O-O O-O 8. dxc5 Bxc5 9. Nc3 Nc6 10. a3 Re8 11. b4 Bb6 12. Bg5 d4 13. Bxf6 Qxf6 14. Nd5 Qd8 15. Nd2 Be6 16. Nf4 Bf5 17. Nd3 Qc7 {1-0 (33) Zvjaginsev,V (2642)-Rublevsky,S (2652) Tula 2019}) 4. Bg2 Bb7 5. Nc3 Nf6 6. Qe2 {B40: Sicilian: 2...e6, Unusual lines} d6 7. d4 cxd4 8. Nxd4 {White is better.} a6 9. O-O Nbd7 10. Re1 (10. Nxe6 $16 fxe6 11. e5 Bxg2 12. exf6 {[%mdl 64] Discovered Attack} Qxf6 13. Kxg2) 10... Qb8 11. Nd5 Nxd5 (11... e5 $16 {might work better.}) 12. exd5 $18 e5 13. Nc6 Qc7 14. f4 f6 $2 {[%mdl 8192]} (14... g6 $16 15. Qc4 (15. fxe5 dxe5 16. Be3 Bd6 $16) 15... Rc8) 15. Qg4 {White threatens Qe6+ and mate.} Nc5 16. b4 Bc8 17. Qh5+ g6 18. Qh4 Nd7 19. f5 Bg7 20. Bh6 (20. a4 $142) 20... Nb8 (20... Nf8 $16) 21. g4 (21. Nd4 $1 $18) 21... O-O $14 22. Be4 (22. Bxg7 $14 Qxg7 23. fxg6) 22... g5 $11 23. Qh3 Bb7 (23... Bxh6 $1 $11 24. Qxh6 Bb7) 24. Bxg7 $14 Kxg7 25. Re3 b5 {[%cal Rb8c6]} ({Not} 25... Nxc6 $2 26. dxc6 (26. Rc3 Rac8 $16) 26... Bxc6 27. Rc3 $18) 26. Rc3 Qb6+ (26... Bxc6 $1 $11 27. dxc6 a5) 27. Qe3 (27. Kg2 $16) 27... Qxe3+ 28. Rxe3 Rc8 {[%cal Rb8c6]} 29. Rc3 ({White should play} 29. Na5 $14 Rc7 30. a4 (30. Nxb7 Rxb7 31. a4 a5 $11)) 29... Nd7 $11 30. a4 Nb6 31. a5 $36 {[%mdl 2048] Black is under pressure.} Nc4 32. Rd1 Rc7 33. Kf2 Rac8 (33... Rh8 $11) 34. Rh3 $14 Bxc6 ({Black should try} 34... Rh8 $14) 35. dxc6 $16 Rxc6 36. Bxc6 Rxc6 $14 {[%mdl 4096] Endgame KRR-KRN} 37. Rc3 h5 38. gxh5 Kh6 39. Rg1 (39. Rg3 $16) 39... d5 $1 $11 {[%cal Rd5d4]} 40. Rcg3 $2 {[%mdl 8192]} (40. Rd3 $11 {and White stays safe.}) 40... Nd6 $19 {[%mdl 64] Discovered Attack} 41. c3 $2 (41. Rd3 {keeps fighting.} Rxc2+ 42. Ke1) 41... Ne4+ {[%mdl 64] Double Attack} 42. Ke2 Nxg3+ 43. Rxg3 Kxh5 {KR-KR} 44. Kd2 (44. Kf2 $142 g4 45. h3) 44... g4 45. Rd3 Rd6 46. Rg3 Kg5 47. h3 Kxf5 48. Rxg4 d4 49. Rg8 dxc3+ 50. Kxc3 Rc6+ 51. Kd3 Rc4 52. Ra8 Rxb4 53. Ke3 $2 (53. Rxa6 e4+ 54. Kc3 Rc4+ 55. Kd2) 53... Rb3+ 54. Kf2 Rxh3 55. Rxa6 Ra3 56. Ra8 b4 57. Ke2 Ke4 (57... Kf4 $142 58. Rb8 Rxa5 59. Rxb4+ e4) 58. a6 b3 (58... Ra2+ $142 59. Kd1 f5 60. Rb8 f4 61. Rxb4+ Kf5 62. Rb7 Rxa6 63. Kc2 e4 64. Rf7+ Kg4 65. Kb2 f3 66. Kc2 e3 67. Rg7+ Kf4 68. Rf7+ Kg3 69. Re7 e2 70. Kc3 f2 71. Re3+ Kg4 72. Rxe2 f1=Q 73. Re4+ Kf3 74. Rc4 Qe1+ 75. Kb3 Rb6+ 76. Kc2 Qe2+ {[%mdl 64] Double Attack} 77. Kc1 Qxc4+ 78. Kd1 Rd6+ 79. Ke1 Qe2#) 59. Kd2 f5 60. Kc3 f4 61. Kb2 Ra2+ 62. Kxb3 Ra5 {Played: Ra2-a1} 0-1

[Event "11th LCC Super Blitz KO 2019"]
[Site "London"]
[Date "2019.12.08"]
[Round "1.2"]
[White "McShane, Luke J"]
[Black "Clarke, Brandon G I"]
[Result "1/2-1/2"]
[WhiteElo "2677"]
[BlackElo "2437"]
[Annotator "ChessBase"]
[PlyCount "93"]
[EventDate "2019.12.08"]
[EventType "k.o."]
[EventCountry "ENG"]
[SourceTitle "playchess.com"]
[Source "ChessBase"]
[SourceQuality "1"]
[TimeControl "180+2"]

1. e4 {[%emt 0:00:00]} c5 {[%emt 0:00:00]} 2. Nc3 {[%emt 0:00:00]} Nc6 {[%emt 0:00:00]} 3. g3 {[%emt 0:00:01]} g6 {[%emt 0:00:00]} 4. Bg2 {[%emt 0:00:01]} Bg7 {[%emt 0:00:01]} 5. d3 {[%emt 0:00:01]} d6 {[%emt 0:00:01]} 6. Be3 {[%emt 0:00:01]} e5 {[%emt 0:00:00]} 7. Nh3 {[%emt 0:00:04]} Nge7 {[%emt 0:00:04]} 8. f4 {[%emt 0:00:04]} Nd4 {[%emt 0:00:11]} 9. O-O {[%emt 0:00:05]} O-O {[%emt 0:00:06]} 10. Qd2 {[%emt 0:00:11]} Bg4 {[%emt 0:00:35]} 11. Nd1 {[%emt 0:00:30]} Qd7 {[%emt 0:00:16]} 12. Ndf2 {[%emt 0:00:25]} Bf3 {[%emt 0:00:02]} 13. c3 {[%emt 0:00:34]} Bxg2 {[%emt 0:00:02]} 14. Kxg2 {[%emt 0:00:01]} Ne6 {[%emt 0:00:11]} 15. fxe5 {[%emt 0:00:01]} dxe5 {[%emt 0:00:04]} 16. Ng5 {[%emt 0:00:11]} Nxg5 {[%emt 0:00:09]} 17. Bxg5 {[%emt 0:00:01]} Nc6 {[%emt 0:00:07]} 18. Qe2 {[%emt 0:00:06]} f6 {[%emt 0:00:06]} 19. Be3 {[%emt 0:00:01]} b6 {[%emt 0:00:01]} 20. g4 {[%emt 0:00:06]} Rad8 {[%emt 0:00:01]} 21. Rad1 {[%emt 0:00:02]} Qe6 {[%emt 0:00:01]} 22. a3 {[%emt 0:00:01]} Rf7 {[%emt 0:00:38]} 23. h3 {[%emt 0:00:07]} a5 {[%emt 0:00:05]} 24. Rde1 {[%emt 0:00:13]} Rfd7 {[%emt 0:00:01]} 25. Bc1 {[%emt 0:00:01]} a4 {[%emt 0:00:13]} 26. Be3 {[%emt 0:00:06]} Na5 {[%emt 0:00:02]} 27. Rd1 {[%emt 0:00:05]} Nb3 {[%emt 0:00:03]} 28. Rg1 {[%emt 0:00:13]} Rd6 {[%emt 0:00:05]} 29. Kh1 {[%emt 0:00:02]} Qd7 {[%emt 0:00:05]} 30. Rdf1 {[%emt 0:00:10]} b5 {[%emt 0:00:04]} 31. Rg3 {[%emt 0:00:02]} Qc6 {[%emt 0:00:04]} 32. Rf3 {[%emt 0:00:08]} c4 {[%emt 0:00:02]} 33. dxc4 {[%emt 0:00:02]} Qxc4 {[%emt 0:00:01]} 34. Qxc4+ {[%emt 0:00:07]} bxc4 {[%emt 0:00:01]} 35. Kg2 {[%emt 0:00:02]} Nd2 {[%emt 0:00:08]} 36. Bxd2 {[%emt 0:00:02]} Rxd2 {[%emt 0:00:00]} 37. Kg3 {[%emt 0:00:08]} Rxb2 {[%emt 0:00:03]} 38. Nd1 {[%emt 0:00:00]} Rb3 {[%emt 0:00:08]} 39. Ne3 {[%emt 0:00:04]} Rxc3 {[%emt 0:00:03]} 40. Nd5 {[%emt 0:00:01]} Rxf3+ {[%emt 0:00:02]} 41. Kxf3 {[%emt 0:00:02]} Rb8 {[%emt 0:00:04]} 42. Rc1 {[%emt 0:00:03]} Rb3+ {[%emt 0:00:01]} 43. Kg2 {[%emt 0:00:04]} Rxa3 {[%emt 0:00:03]} 44. Rxc4 {[%emt 0:00:01]} h5 {[%emt 0:00:14]} 45. gxh5 {[%emt 0:00:06]} gxh5 {[%emt 0:00:01]} 46. Rc7 {[%emt 0:00:06]} Kf8 {[%emt 0:00:10]} 47. Ra7 {[%emt 0:00:02]} 1/2-1/2

[Event "11th LCC Super Blitz KO 2019"]
[Site "London"]
[Date "2019.12.08"]
[Round "1.2"]
[White "Howell, David W L"]
[Black "Willow, Jonah B"]
[Result "1-0"]
[WhiteElo "2676"]
[BlackElo "2355"]
[Annotator "ChessBase"]
[PlyCount "47"]
[EventDate "2019.12.08"]
[EventType "k.o."]
[EventCountry "ENG"]
[SourceTitle "playchess.com"]
[Source "ChessBase"]
[SourceQuality "1"]
[TimeControl "180+2"]

1. Nf3 {[%emt 0:00:01]} c5 {[%emt 0:00:00]} 2. c3 {[%emt 0:00:07]} g6 {[%emt 0:00:02]} 3. e4 {[%emt 0:00:04]} Nf6 {[%emt 0:00:10]} 4. e5 {[%emt 0:00:20]} Nd5 {[%emt 0:00:01]} 5. d4 {[%emt 0:00:05]} cxd4 {[%emt 0:00:05]} 6. Qxd4 {[%emt 0:00:01]} Nc7 {[%emt 0:00:01]} 7. Qh4 {[%emt 0:00:05]} Nc6 {[%emt 0:00:10]} 8. Na3 {[%emt 0:00:08]} Ne6 {[%emt 0:00:14]} 9. Bh6 {[%emt 0:00:15]} Qc7 {[%emt 0:00:30]} 10. Bxf8 {[%emt 0:00:03]} Nxf8 {[%emt 0:00:20]} 11. Nb5 {[%emt 0:00:09]} Qb8 {[%emt 0:00:12]} 12. Qe4 {[%emt 0:00:27]} Ne6 {[%emt 0:00:06]} 13. Be2 {[%emt 0:00:14]} O-O {[%emt 0:00:05]} 14. h4 {[%emt 0:00:17]} f5 {[%emt 0:00:21]} 15. Qe3 {[%emt 0:00:07]} a6 {[%emt 0:00:26]} 16. Nbd4 {[%emt 0:00:04]} d6 {[%emt 0:00:14]} 17. Nxe6 {[%emt 0:00:23]} Bxe6 {[%emt 0:00:02]} 18. Qh6 {[%emt 0:00:05]} Nxe5 {[%emt 0:00:13]} 19. Ng5 {[%emt 0:00:02]} Rf7 {[%emt 0:00:07]} 20. Nxe6 {[%emt 0:00:02]} f4 {[%emt 0:00:07]} 21. Nxf4 {[%emt 0:00:05]} Qc8 {[%emt 0:00:11]} 22. h5 {[%emt 0:00:12]} Qf5 {[%emt 0:00:04]} 23. hxg6 {[%emt 0:00:01]} Nxg6 {[%emt 0:00:02]} 24. Nxg6 {[%emt 0:00:10]} 1-0

[Event "11th LCC Super Blitz KO 2019"]
[Site "London"]
[Date "2019.12.08"]
[Round "1.2"]
[White "Moussard, Jules"]
[Black "Hebden, Mark L"]
[Result "1-0"]
[WhiteElo "2598"]
[BlackElo "2433"]
[Annotator "ChessBase"]
[PlyCount "101"]
[EventDate "2019.12.08"]
[EventType "k.o."]
[EventCountry "ENG"]
[SourceTitle "playchess.com"]
[Source "ChessBase"]
[SourceQuality "1"]
[TimeControl "180+2"]

1. e4 {[%emt 0:00:00]} e5 {[%emt 0:00:00]} 2. Nf3 {[%emt 0:00:02]} Nc6 {[%emt 0:00:02]} 3. Bb5 {[%emt 0:00:02]} a6 {[%emt 0:00:02]} 4. Ba4 {[%emt 0:00:02]} Nf6 {[%emt 0:00:02]} 5. O-O {[%emt 0:00:02]} Be7 {[%emt 0:00:02]} 6. Re1 {[%emt 0:00:09]} b5 {[%emt 0:00:01]} 7. Bb3 {[%emt 0:00:00]} O-O {[%emt 0:00:01]} 8. a4 {[%emt 0:00:02]} Bb7 {[%emt 0:00:02]} 9. c3 {[%emt 0:00:09]} d5 {[%emt 0:00:01]} 10. axb5 {[%emt 0:00:12]} axb5 {[%emt 0:00:02]} 11. Rxa8 {[%emt 0:00:01]} Bxa8 {[%emt 0:00:02]} 12. exd5 {[%emt 0:00:19]} Nxd5 {[%emt 0:00:03]} 13. d4 {[%emt 0:00:01]} exd4 {[%emt 0:00:04]} 14. cxd4 {[%emt 0:00:07]} Na5 {[%emt 0:00:27]} 15. Bxd5 {[%emt 0:00:01]} Bxd5 {[%emt 0:00:05]} 16. Nc3 {[%emt 0:00:01]} Bb4 {[%emt 0:00:20]} 17. Ne5 {[%emt 0:00:22]} f6 {[%emt 0:00:12]} 18. Nd3 {[%emt 0:00:02]} Bxc3 {[%emt 0:00:17]} 19. bxc3 {[%emt 0:00:01]} Nc4 {[%emt 0:00:07]} 20. Bf4 {[%emt 0:00:16]} c6 {[%emt 0:00:01]} 21. h3 {[%emt 0:00:04]} Qd7 {[%emt 0:00:05]} 22. Nc5 {[%emt 0:00:01]} Qf5 {[%emt 0:00:01]} 23. Qg4 {[%emt 0:00:07]} Qxg4 {[%emt 0:00:07]} 24. hxg4 {[%emt 0:00:01]} g5 {[%emt 0:00:04]} 25. Bg3 {[%emt 0:00:01]} Ra8 {[%emt 0:00:02]} 26. Re7 {[%emt 0:00:11]} Rf8 {[%emt 0:00:44]} 27. f4 {[%emt 0:00:15]} h6 {[%emt 0:00:08]} 28. Kf2 {[%emt 0:00:04]} Rf7 {[%emt 0:00:01]} 29. Re8+ {[%emt 0:00:01]} Kg7 {[%emt 0:00:01]} 30. f5 {[%emt 0:00:01]} Ra7 {[%emt 0:00:06]} 31. Ne6+ {[%emt 0:00:03]} Kf7 {[%emt 0:00:09]} 32. Rc8 {[%emt 0:00:23]} Ra2+ {[%emt 0:00:02]} 33. Ke1 {[%emt 0:00:01]} Bxe6 {[%emt 0:00:03]} 34. Rc7+ {[%emt 0:00:01]} Bd7 {[%emt 0:00:06]} 35. Rxd7+ {[%emt 0:00:02]} Ke8 {[%emt 0:00:01]} 36. Rh7 {[%emt 0:00:02]} Rxg2 {[%emt 0:00:03]} 37. Bb8 {[%emt 0:00:05]} Rxg4 {[%emt 0:00:01]} 38. Rxh6 {[%emt 0:00:00]} Kf7 {[%emt 0:00:04]} 39. Rh7+ {[%emt 0:00:02]} Kg8 {[%emt 0:00:01]} 40. Rc7 {[%emt 0:00:01]} Ne3 {[%emt 0:00:20]} 41. Rxc6 {[%emt 0:00:01]} Kf7 {[%emt 0:00:00]} 42. Rc7+ {[%emt 0:00:01]} Ke8 {[%emt 0:00:01]} 43. Rc6 {[%emt 0:00:01]} Ke7 {[%emt 0:00:05]} 44. Re6+ {[%emt 0:00:01]} Kf7 {[%emt 0:00:01]} 45. Rxe3 {[%emt 0:00:01]} b4 {[%emt 0:00:06]} 46. cxb4 {[%emt 0:00:01]} Rxd4 {[%emt 0:00:01]} 47. Rb3 {[%emt 0:00:00]} Ke8 {[%emt 0:00:04]} 48. b5 {[%emt 0:00:02]} Kd7 {[%emt 0:00:01]} 49. b6 {[%emt 0:00:01]} Kc8 {[%emt 0:00:01]} 50. Bg3 {[%emt 0:00:02]} Kb7 {[%emt 0:00:00]} 51. Rb5 {[%emt 0:00:03]} 1-0

[Event "11th LCC Super Blitz KO 2019"]
[Site "London"]
[Date "2019.12.08"]
[Round "1.2"]
[White "Praggnanandhaa R"]
[Black "Turner, Matthew J"]
[Result "1/2-1/2"]
[WhiteElo "2586"]
[BlackElo "2519"]
[Annotator "ChessBase"]
[PlyCount "100"]
[EventDate "2019.12.08"]
[EventType "k.o."]
[EventCountry "ENG"]
[SourceTitle "playchess.com"]
[Source "ChessBase"]
[SourceQuality "1"]
[TimeControl "180+2"]

1. e4 {[%emt 0:00:00]} e5 {[%emt 0:00:00]} 2. Nf3 {[%emt 0:00:01]} Nc6 {[%emt 0:00:00]} 3. Bc4 {[%emt 0:00:02]} Bc5 {[%emt 0:00:02]} 4. d3 {[%emt 0:00:03]} Nf6 {[%emt 0:00:02]} 5. O-O {[%emt 0:00:03]} d6 {[%emt 0:00:01]} 6. c3 {[%emt 0:00:01]} Bb6 {[%emt 0:00:08]} 7. Bb3 {[%emt 0:00:04]} h6 {[%emt 0:00:02]} 8. Nbd2 {[%emt 0:00:03]} O-O {[%emt 0:00:03]} 9. Nc4 {[%emt 0:00:05]} Be6 {[%emt 0:00:01]} 10. a4 {[%emt 0:00:11]} Bxc4 {[%emt 0:00:10]} 11. Bxc4 {[%emt 0:00:02]} a6 {[%emt 0:00:12]} 12. Be3 {[%emt 0:00:09]} Ba7 {[%emt 0:00:48]} 13. b4 {[%emt 0:00:22]} Bxe3 {[%emt 0:00:00]} 14. fxe3 {[%emt 0:00:01]} d5 {[%emt 0:00:00]} 15. exd5 {[%emt 0:00:01]} Nxd5 {[%emt 0:00:00]} 16. Qd2 {[%emt 0:00:25]} Nb6 {[%emt 0:00:09]} 17. Bb3 {[%emt 0:00:04]} e4 {[%emt 0:00:01]} 18. dxe4 {[%emt 0:00:01]} Qxd2 {[%emt 0:00:01]} 19. Nxd2 {[%emt 0:00:01]} Rad8 {[%emt 0:00:00]} 20. Nf3 {[%emt 0:00:44]} Rd3 {[%emt 0:00:04]} 21. b5 {[%emt 0:00:02]} Na5 {[%emt 0:00:13]} 22. Ne5 {[%emt 0:00:12]} Nxb3 {[%emt 0:00:05]} 23. Nxd3 {[%emt 0:00:01]} Nxa1 {[%emt 0:00:01]} 24. Rxa1 {[%emt 0:00:01]} axb5 {[%emt 0:00:13]} 25. axb5 {[%emt 0:00:01]} Re8 {[%emt 0:00:05]} 26. e5 {[%emt 0:00:28]} Rd8 {[%emt 0:00:07]} 27. Nf4 {[%emt 0:00:09]} Nc4 {[%emt 0:00:08]} 28. e6 {[%emt 0:00:05]} fxe6 {[%emt 0:00:18]} 29. Nxe6 {[%emt 0:00:01]} Rd2 {[%emt 0:00:02]} 30. Re1 {[%emt 0:00:09]} c6 {[%emt 0:00:22]} 31. bxc6 {[%emt 0:00:02]} bxc6 {[%emt 0:00:01]} 32. Nd4 {[%emt 0:00:01]} c5 {[%emt 0:00:07]} 33. Nb3 {[%emt 0:00:03]} Rd3 {[%emt 0:00:06]} 34. Nxc5 {[%emt 0:00:06]} Rxc3 {[%emt 0:00:02]} 35. e4 {[%emt 0:00:01]} Ne5 {[%emt 0:00:04]} 36. Ne6 {[%emt 0:00:04]} Rc2 {[%emt 0:00:05]} 37. Nd4 {[%emt 0:00:02]} Ra2 {[%emt 0:00:03]} 38. Re2 {[%emt 0:00:06]} Ra4 {[%emt 0:00:06]} 39. Nf3 {[%emt 0:00:04]} Nd3 {[%emt 0:00:01]} 40. g3 {[%emt 0:00:05]} Kf7 {[%emt 0:00:08]} 41. Kg2 {[%emt 0:00:03]} Ke6 {[%emt 0:00:04]} 42. Rd2 {[%emt 0:00:02]} Ne5 {[%emt 0:00:04]} 43. Nd4+ {[%emt 0:00:02]} Kf6 {[%emt 0:00:04]} 44. h3 {[%emt 0:00:09]} h5 {[%emt 0:00:01]} 45. Rf2+ {[%emt 0:00:01]} Kg6 {[%emt 0:00:02]} 46. Ne6 {[%emt 0:00:04]} Rxe4 {[%emt 0:00:03]} 47. Nf4+ {[%emt 0:00:00]} Kh6 {[%emt 0:00:01]} 48. Ra2 {[%emt 0:00:03]} Rb4 {[%emt 0:00:05]} 49. Re2 {[%emt 0:00:02]} Rb5 {[%emt 0:00:02]} 50. Rd2 {[%emt 0:00:01]} g6 {[%emt 0:00:03]} 1/2-1/2